000 00719cam a2200241 a 4500
008
020 _a0415043956 (pbk.)
049 _aMAIN
090 _aHV1444
_bHOF
100 1 _aHoff, Lee Ann.
245 1 0 _aBattered women as survivors /
_cLee Ann Hoff.
260 _aLondon :
_bRoutledge,
_c1990.
300 _axii, 289 p. :
_bill. ;
_c23 cm.
504 _aIncludes bibliographical references.
500 _aIncludes index.
650 _aWife abuse- women abuse
650 0 _aAbused women
_zUnited States
_xPsychology
_xCase studies.
907 _a.b1037050x
_b26-02-16
_c26-02-16
003
005 20230123122210.0
040 _cNUST
942 _cBOOKS
_kHV1444
_mHOF
999 _c129519
_d129519